|
|
|
|
| LEADER |
00000cam a2200000 a 4500 |
| 001 |
UCC1658 |
| 003 |
CL-VaPUC |
| 008 |
171117e20160000ag |||||||||||||||||spa|d |
| 020 |
|
|
|a 9789876284257
|
| 082 |
0 |
4 |
|a 759.04
|b TOD
|2 21
|
| 100 |
0 |
|
|a Todorov, Tzvetan
|e author
|9 595698
|
| 245 |
1 |
3 |
|a El arte o la vida!: el caso Rembrandt seguido de Arte y moral
|
| 250 |
|
|
|a 1a. ed
|
| 300 |
|
|
|a 125 p
|
| 942 |
|
|
|c BK
|
| 945 |
|
|
|d 20171117 16:06:00
|a dcastane
|
| 260 |
|
|
|a Buenos Aires
|b Edhasa
|c 2016
|
| 600 |
|
0 |
|a Rembrandt, Harmenszoon van Rijn
|9 331539
|
| 650 |
|
7 |
|a PINTURA FLAMENCA SIGLO 17
|2 CL-VaPUC
|9 340400
|
| 650 |
|
7 |
|a PINTORES FLAMENCOS
|2 CL-VaPUC
|9 595699
|
| 650 |
|
0 |
|a Crítica de arte
|9 334590
|
| 650 |
|
0 |
|a Crítica e interpretación
|9 255042
|
| 583 |
|
|
|a last modification
|c 20171117 16:06:00
|k Rodrigo Vera
|
| 999 |
|
|
|c 370057
|d 370055
|
| 952 |
|
|
|0 0
|1 0
|3 erb
|4 0
|6 759_040000000000000_TOD_2016
|7 0
|8 A
|9 486347
|a BIBHIS
|b BIBHIS
|i 5437199
|o 759.04 TOD 2016
|p 5437199
|r 2025-01-20
|w 2019-11-24
|y BK
|z Catalogado en:20171117
|k HIS
|